00472nam a22001337a 4500003000500000038001800005082000800023100002100031245013200052264003300184650002700217700003700244856005700281NUST aNusrat Nadeem a200 aAurangzeb, Maria aThe Impact of Media Literacy on Deepfake Awareness and Perception Among Pakistani Youth: An ELM Perspective/cMaria Aurangzeb,  aIslamabad:bS3H NUST.c2026. aMS-Mass Communication  aSupervisor: Dr. Sundus Mustaqeem uhttp://10.250.8.41:8080/xmlui/handle/123456789/57357